000 00461nam a2200229Ia 4500
003 IT-RoPAU
008 120407s9999 xx 000 0 und d
040 _aIT-RoPAU
040 _cIT-RoPAU
041 _aita
100 _aRobert Quardt
100 _cscj
245 _aLa giornata nel convento
250 _aAlba
260 _aEdizioni Paoline
260 _c1959
300 _c cm
490 _aAlere II
490 _v1
942 _cBK
999 _c220
_d220